<?xml version="1.0" encoding="UTF-8"?>
<record
    xmlns:xsi="http://www.w3.org/2001/XMLSchema-instance"
    xsi:schemaLocation="http://www.loc.gov/MARC21/slim http://www.loc.gov/standards/marcxml/schema/MARC21slim.xsd"
    xmlns="http://www.loc.gov/MARC21/slim">

  <leader>00672nam a22001577a 4500</leader>
  <controlfield tag="003">OSt</controlfield>
  <controlfield tag="005">20151205162134.0</controlfield>
  <controlfield tag="008">151205b        xxu||||| |||| 00| 0 eng d</controlfield>
  <datafield tag="040" ind1=" " ind2=" ">
    <subfield code="c">RUA</subfield>
  </datafield>
  <datafield tag="082" ind1=" " ind2=" ">
    <subfield code="a">ATM &#x1780;&#x17C2;&#x1793; 1990  B188 Or.1</subfield>
  </datafield>
  <datafield tag="100" ind1=" " ind2=" ">
    <subfield code="9">4362</subfield>
    <subfield code="a">&#x1780;&#x17C2;&#x1793; &#x17A1;&#x1784;&#x178C;&#x17B8;</subfield>
  </datafield>
  <datafield tag="245" ind1=" " ind2=" ">
    <subfield code="a">&#x1782;&#x17C6;&#x179A;&#x17C4;&#x1784;&#x1793;&#x17C3;&#x1795;&#x17D2;&#x1793;&#x17C2;&#x1780;&#x1787;&#x17BD;&#x179F;&#x1787;&#x17BB;&#x179B;&#x17A2;&#x17C4;&#x1799;&#x179B;&#x17D2;&#x17A2;&#x17A1;&#x17BE;&#x1784;&#x179C;&#x17B7;&#x1789;&#x1793;&#x17BC;&#x1794;&#x1793;&#x17D2;&#x179B;&#x17B6;&#x179F;&#x17CB;&#x179C;&#x1794;&#x17D2;&#x179A;&#x1797;&#x17C1;&#x1791;&#x17A2;&#x1780;&#x17D2;&#x179F;&#x179A;&#x1797;&#x17D2;&#x179B;&#x17C5; &#x178A;&#x17C4;&#x1799;&#x1780;&#x17B6;&#x179A;&#x1795;&#x17D2;&#x179F;&#x17B6;&#x17C6;&#x1794;&#x17C6;&#x1796;&#x17C1;&#x1789;&#x1793;&#x17C5;&#x1780;&#x17D2;&#x1793;&#x17BB;&#x1784;&#x179A;&#x17C4;&#x1784;&#x1785;&#x1780;&#x17D2;&#x179A;&#x1787;&#x17BD;&#x179F;&#x1787;&#x17BB;&#x179B;&#x1797;&#x17D2;&#x1793;&#x17C6;&#x1796;&#x17C1;&#x1789;</subfield>
  </datafield>
  <datafield tag="260" ind1=" " ind2=" ">
    <subfield code="a">Phnom Penh</subfield>
    <subfield code="b">RUA</subfield>
    <subfield code="c">1990</subfield>
  </datafield>
  <datafield tag="300" ind1=" " ind2=" ">
    <subfield code="a">110p.</subfield>
    <subfield code="b">ill.</subfield>
    <subfield code="c">29cm.</subfield>
  </datafield>
  <datafield tag="942" ind1=" " ind2=" ">
    <subfield code="2">ddc</subfield>
    <subfield code="c">ATM</subfield>
  </datafield>
  <datafield tag="999" ind1=" " ind2=" ">
    <subfield code="c">4067</subfield>
    <subfield code="d">4067</subfield>
  </datafield>
  <datafield tag="952" ind1=" " ind2=" ">
    <subfield code="0">0</subfield>
    <subfield code="1">0</subfield>
    <subfield code="2">ddc</subfield>
    <subfield code="4">0</subfield>
    <subfield code="6">ATM_&#x1780;&#x17C2;&#x1793;_1990_000000000000000_B188_OR_1</subfield>
    <subfield code="7">0</subfield>
    <subfield code="9">20682</subfield>
    <subfield code="a">LBB</subfield>
    <subfield code="b">LBB</subfield>
    <subfield code="c">B188</subfield>
    <subfield code="d">2015-12-05</subfield>
    <subfield code="o">ATM &#x1780;&#x17C2;&#x1793; 1990  B188 Or.1</subfield>
    <subfield code="p">RUA44563</subfield>
    <subfield code="r">2015-12-05</subfield>
    <subfield code="w">2015-12-05</subfield>
    <subfield code="y">ATM</subfield>
  </datafield>
</record>
